书目信息 |
| 题名: |
记忆策略
|
|
| 作者: | 阎国利 , 韩映红 著 | |
| 分册: | ||
| 出版信息: | 天津 百花文艺出版社 2002.01 |
|
| 页数: | 137页 | |
| 开本: | 20cm | |
| 丛书名: | 学习策略丛书 | |
| 单 册: | ||
| 中图分类: | B842.3 | |
| 科图分类: | ||
| 主题词: | 记忆术--通俗读物 , CT--S036657--记忆术 | |
| 电子资源: | ||
| ISBN: | 7-5306-3255-8 | |
| 000 | 00926oam2 2200289 450 | |
| 001 | 012002020777 | |
| 005 | 20020315173215.5 | |
| 010 | @a7-5306-3255-8@dCNY10.00 | |
| 035 | @a(011001)c2002015170 | |
| 100 | @a20020311d2002 em y0chiy0110 ea | |
| 101 | 0 | @achi |
| 102 | @aCN@b120000 | |
| 105 | @ay z 000yy | |
| 200 | 1 | @a记忆策略@Aji yi ce lue@f阎国利,韩映红著@Fyan guo li,han ying hong zhu |
| 210 | @a天津@c百花文艺出版社@d2002.01 | |
| 215 | @a137页@d20cm | |
| 225 | 2 | @a学习策略丛书 |
| 330 | @a本书以许多生动具体的实例对记忆的基本知识进行了介绍,讲解了“感官并用”、“动手操作”、“闭眼回忆”、“自寻回忆线索”等方法。 | |
| 410 | 0 | @12001 @a学习策略丛书 |
| 606 | 0 | @a记忆术@j通俗读物 |
| 606 | 0 | @2CT@3S036657@a记忆术 |
| 690 | @aB842.3@v4 | |
| 701 | 0 | @a阎国利@Ayan guo li@4著 |
| 701 | 0 | @a韩映红@Ahan ying hong@4著 |
| 801 | 0 | @aCN@bNLC@c20020315 |
| 905 | @aBZT@dB842.3@e117 | |
| 906 | @dCNY10.00@n0@r1 | |
| 记忆策略/阎国利,韩映红著.-天津:百花文艺出版社,2002.01 |
| 137页;20cm.-(学习策略丛书) |
| ISBN 7-5306-3255-8:CNY10.00 |
| 本书以许多生动具体的实例对记忆的基本知识进行了介绍,讲解了“感官并用”、“动手操作”、“闭眼回忆”、“自寻回忆线索”等方法。 |
| ● |
| 相关链接 |
|
|
|
正题名:记忆策略
索取号:B842.3/117
 
预约/预借
| 序号 | 登录号 | 条形码 | 馆藏地/架位号 | 状态 | 备注 |
| 1 | 435051 | 210629998 | 中心书库南/004架B面2层4列/ [索取号:B842.3/117] | 在馆 | |
| 2 | 435052 | 210629989 | 中心书库南/004架B面2层4列/ [索取号:B842.3/117] | 在馆 | |
| 3 | 435053 | 210629970 | 中心书库南/004架B面2层4列/ [索取号:B842.3/117] | 在馆 | |
| 4 | 435054 | 210629961 | 中心书库南/004架B面2层4列/ [索取号:B842.3/117] | 在馆 | |
| 5 | 435055 | 210629952 | 中心书库南/004架B面2层4列/ [索取号:B842.3/117] | 在馆 | |
| 6 | 435056 | 210629943 | 中心书库南/004架B面2层4列/ [索取号:B842.3/117] | 在馆 | |
| 7 | 435057 | 210629934 | 中心书库南/004架B面2层4列/ [索取号:B842.3/117] | 在馆 | |
| 8 | 435058 | 210629925 | 中心书库南/004架B面2层4列/ [索取号:B842.3/117] | 在馆 | |
| 9 | 435059 | 210629916 | 中心书库南/004架B面2层4列/ [索取号:B842.3/117] | 在馆 | |
| 10 | 435060 | 210629907 | 中心书库南/004架B面2层4列/ [索取号:B842.3/117] | 在馆 |